01117nam a2200277Ia 4500001001200000003000800012006001900020007001500039008004100054010001700095040002100112035002000133050002700153110003700180222005300217245008200270260006400352300001500416533015200431650002700583651004000610655002900650710001700679856012600696999001700822ebr10089231CaPaEBRm u cr cn|||||||||800731s2005 dcu s 000 0 eng d z 64030986  aCaPaEBRcCaPaEBR a(OCoLC)7007024914aHG3881.I45bA28 2005eb2 aInter-American Development Bank. 0aAnnual report - Inter-American Development Bank.10aAnnual report 2004h[electronic resource] /cInter-American Development Bank. aWashington, D.C. :bInter-American Development Bank,c2005. aii, 193 p. aElectronic reproduction.bPalo Alto, Calif. :cebrary,d2009.nAvailable via World Wide Web.nAccess may be limited to ebrary affiliated libraries. 0aInternational finance. 0aLatin AmericaxEconomic conditions. 7aElectronic books.2local2 aebrary, Inc.40uhttp://site.ebrary.com/lib/rucke/Doc?id=10089231zAn electronic book accessible through the World Wide Web; click to view c52092d52092